000 00806nmm a2200265 a 4500
003 AR-BaBNM
005 20251128210608.0
008 180020s1996 ||||||||||||||000 | spa||
020 _a0-205-14667-8
040 _cAR-BaBNM
100 1 _aRyndak, Diane Lea
245 1 0 _aCurriculum content for students with moderate and severe disabilities in inclusive settings
260 _aBoston
_bAllyn & Bacon
_c1996
300 _axviii, 366 p.
_bil., tablas
500 _aContiene referencias bibliográficas
500 _aContiene índice de autores e índice temático
650 4 _aEDUCACION ESPECIAL
650 4 _aINTEGRACION ESCOLAR
651 4 _aEstados Unidos
653 _aDISCAPACITADOS
653 _aADAPTACIONES CURRICULARES
700 1 _aAlper, Sandra
942 _cBK
998 _cRAQUEL
999 _c16100
_d16100